Manufacturing Processes for Engineering Materials \ (Record no. 586055)

000 -LEADER
fixed length control field 00507nam a22001577a 4500
020 ## - INTERNATIONAL STANDARD BOOK NUMBER
International Standard Book Number 9789353062910
040 ## - CATALOGING SOURCE
Transcribing agency NUST
082 ## - DEWEY DECIMAL CLASSIFICATION NUMBER
Classification number 670
Author Mark KAL
100 ## - MAIN ENTRY--PERSONAL NAME
Personal name Kalpakjian, Serope
9 (RLIN) 81153
245 ## - TITLE STATEMENT
Title Manufacturing Processes for Engineering Materials \
Statement of responsibility, etc. Serope Kalpakjian, Steven R. Schmid & Joyjeet Ghose
250 ## - EDITION STATEMENT
Edition statement 6th Ed.
260 ## - PUBLICATION, DISTRIBUTION, ETC.
Place of publication, distribution, etc. India,
Name of publisher, distributor, etc. Pearson,
Date of publication, distribution, etc. 2018.
300 ## - PHYSICAL DESCRIPTION
Extent xx,1116p. ;
Other physical details Paperback
Dimensions 27cm.
440 ## - SERIES STATEMENT/ADDED ENTRY--TITLE
Title Manufacturing Processes For Engineering Materials \
9 (RLIN) 81154
942 ## - ADDED ENTRY ELEMENTS (KOHA)
Source of classification or shelving scheme
Koha item type Book
Holdings
Withdrawn status Lost status Source of classification or shelving scheme Damaged status Not for loan Permanent Location Current Location Shelving location Date acquired Full call number Barcode Date last seen Price effective from Koha item type
          School of Mechanical & Manufacturing Engineering (SMME) School of Mechanical & Manufacturing Engineering (SMME) General Stacks 08/03/2021 670 KAL SMME-3614 08/03/2021 08/03/2021 Book
© 2023 Central Library, National University of Sciences and Technology. All Rights Reserved.